00964nam a2200193Ia 4500001001100000003001000011008004100021040002500062041001300087100002100100245006600121250001100187260009200198300002600290500016200316501011400478520016200592650001600754L236-10896IT-CnALBA170116s9999||||xx |||||||||||||| ||und|| aIT-CnALBAcIT-CnALBA aITALIANO aRASOTTO GIUSEPPE 0aVENUTI DALL'ALDILA'. - TESTIMONIANZE DELLA VITA D'OLTRETOMBA  a1a ed. aCINISELLO BALSAMO (MI)bEDIZIONI PAOLINEc1975 [1° Ed.:1975 - Ed.Ling.Originale: 1975] a93 p. (prefazione: 5) aLA RIVELAZIONE. COMUNICAZIONI CELESTI. VIVENTI NEL CIELO. ANIME DEL PURGATORIO. DANNAZIONE. VOCI D'OLTRETOMBA. LE APPARIZIONI. MORTI GUARITORI E AMMONITORI.  aSocietà San Paolo EM - Piazza San Paolo, 14 - 12051 ALBA (CN) (non commercial uses only) ® Copyright 2017 aLA RIVELAZIONE. COMUNICAZIONI CELESTI. VIVENTI NEL CIELO. ANIME DEL PURGATORIO. DANNAZIONE. VOCI D'OLTRETOMBA. LE APPARIZIONI. MORTI GUARITORI E AMMONITORI.  aESCATOLOGIA